000
00259nam a22001097a 4500
082
_a
320
100
_a
Thakur, Sadhana
_9
66835
245
_a
Comparative Government and Politics
260
_a
Delhi
_b
Ane Books
_c
2018
650
_a
Politics
_9
79965
942
_c
BK
999
_c
63497
_d
63497